<?xml version="1.0" encoding="UTF-8"?>
<record
    xmlns:xsi="http://www.w3.org/2001/XMLSchema-instance"
    xsi:schemaLocation="http://www.loc.gov/MARC21/slim http://www.loc.gov/standards/marcxml/schema/MARC21slim.xsd"
    xmlns="http://www.loc.gov/MARC21/slim">

  <leader>01085nam0a22002531  4500</leader>
  <controlfield tag="001">rc\930187</controlfield>
  <controlfield tag="005">20250622045149.0</controlfield>
  <datafield tag="035" ind1=" " ind2=" ">
    <subfield code="a">(NLR Aleph) 006103472</subfield>
  </datafield>
  <datafield tag="090" ind1=" " ind2=" ">
    <subfield code="a">5283489</subfield>
    <subfield code="c">5283489</subfield>
  </datafield>
  <datafield tag="100" ind1=" " ind2=" ">
    <subfield code="a">20041129d1982    |||y0rusy50      ca</subfield>
  </datafield>
  <datafield tag="101" ind1="0" ind2=" ">
    <subfield code="a">rus</subfield>
  </datafield>
  <datafield tag="102" ind1=" " ind2=" ">
    <subfield code="a">RU</subfield>
  </datafield>
  <datafield tag="105" ind1=" " ind2=" ">
    <subfield code="a">y   |||||||||</subfield>
  </datafield>
  <datafield tag="200" ind1="1" ind2=" ">
    <subfield code="a">&#x421;&#x43E;&#x432;&#x435;&#x440;&#x448;&#x435;&#x43D;&#x441;&#x442;&#x432;&#x43E;&#x432;&#x430;&#x43D;&#x438;&#x435; &#x43C;&#x435;&#x442;&#x43E;&#x434;&#x43E;&#x432; &#x43E;&#x431;&#x443;&#x447;&#x435;&#x43D;&#x438;&#x44F; &#x438; &#x432;&#x43E;&#x441;&#x43F;&#x438;&#x442;&#x430;&#x43D;&#x438;&#x44F; &#x443;&#x447;&#x430;&#x449;&#x438;&#x445;&#x441;&#x44F;</subfield>
    <subfield code="e">(&#x418;&#x437; &#x43E;&#x43F;&#x44B;&#x442;&#x430; &#x440;&#x430;&#x431;&#x43E;&#x442;&#x44B;)</subfield>
    <subfield code="e">&#x422;&#x435;&#x437;. &#x434;&#x43E;&#x43A;&#x43B;. VI &#x412;&#x441;&#x435;&#x441;&#x43E;&#x44E;&#x437;. &#x43F;&#x435;&#x434;. &#x447;&#x442;&#x435;&#x43D;&#x438;&#x439;</subfield>
    <subfield code="e">(&#x421;&#x435;&#x43A;&#x446;&#x438;&#x44F; &#x434;&#x435;&#x444;&#x435;&#x43A;&#x442;&#x43E;&#x43B;&#x43E;&#x433;&#x438;&#x438;), 25-27 &#x43C;&#x430;&#x440;&#x442;&#x430; 1982 &#x433;.</subfield>
    <subfield code="f">[&#x41F;&#x43E;&#x434; &#x440;&#x435;&#x434;. &#x422;.&#x410;. &#x412;&#x43B;&#x430;&#x441;&#x43E;&#x432;&#x43E;&#x439; &#x438; &#x434;&#x440;.]</subfield>
  </datafield>
  <datafield tag="210" ind1=" " ind2=" ">
    <subfield code="a">&#x41C;.</subfield>
    <subfield code="c">&#x411;. &#x438;.</subfield>
    <subfield code="d">1982</subfield>
  </datafield>
  <datafield tag="215" ind1=" " ind2=" ">
    <subfield code="a">204 &#x441;.</subfield>
    <subfield code="d">21</subfield>
  </datafield>
  <datafield tag="300" ind1=" " ind2=" ">
    <subfield code="a">&#x412; &#x43D;&#x430;&#x434;&#x437;&#x430;&#x433;.: &#x41D;&#x418;&#x418; &#x434;&#x435;&#x444;&#x435;&#x43A;&#x442;&#x43E;&#x43B;&#x43E;&#x433;&#x438;&#x438;</subfield>
  </datafield>
  <datafield tag="702" ind1=" " ind2="1">
    <subfield code="4">340</subfield>
    <subfield code="7">ca</subfield>
    <subfield code="8">rus</subfield>
    <subfield code="a">&#x412;&#x43B;&#x430;&#x441;&#x43E;&#x432;&#x430;</subfield>
    <subfield code="b">&#x422;. &#x410;.</subfield>
    <subfield code="c">&#x434;-&#x440; &#x43F;&#x441;&#x438;&#x445;&#x43E;&#x43B;. &#x43D;&#x430;&#x443;&#x43A;, &#x434;&#x435;&#x444;&#x435;&#x43A;&#x442;&#x43E;&#x43B;&#x43E;&#x433;</subfield>
    <subfield code="f">1905-1986</subfield>
    <subfield code="g">&#x422;&#x430;&#x442;&#x44C;&#x44F;&#x43D;&#x430; &#x410;&#x43B;&#x435;&#x43A;&#x441;&#x430;&#x43D;&#x434;&#x440;&#x43E;&#x432;&#x43D;&#x430;</subfield>
    <subfield code="9">234235</subfield>
    <subfield code="3">RU\NLR\AUTH\770234291</subfield>
  </datafield>
  <datafield tag="801" ind1=" " ind2="0">
    <subfield code="a">RU</subfield>
    <subfield code="b">NLR</subfield>
    <subfield code="g">psbo</subfield>
  </datafield>
  <datafield tag="801" ind1=" " ind2="1">
    <subfield code="a">RU</subfield>
    <subfield code="b">ELAR</subfield>
    <subfield code="2">rusmarc</subfield>
  </datafield>
  <datafield tag="852" ind1=" " ind2=" ">
    <subfield code="a">NLR</subfield>
    <subfield code="j">82-5/3664</subfield>
  </datafield>
  <datafield tag="942" ind1=" " ind2=" ">
    <subfield code="c">BOOK</subfield>
  </datafield>
  <datafield tag="980" ind1=" " ind2=" ">
    <subfield code="a">NB</subfield>
  </datafield>
  <datafield tag="995" ind1=" " ind2=" ">
    <subfield code="5">2013-10-26</subfield>
    <subfield code="b">NLR01</subfield>
    <subfield code="c">NLR01</subfield>
    <subfield code="e">RF9</subfield>
    <subfield code="f">6103472-10</subfield>
    <subfield code="k">82-5/3664</subfield>
    <subfield code="o">0</subfield>
    <subfield code="r">BOOK</subfield>
    <subfield code="s">8253664_</subfield>
  </datafield>
</record>
